01601nam a2200277 i 4500003000900000005001700009007000300026008004100029040003000070082001300100100005500113245005000168250001800218264004300236300002500279336002700304337003300331338002800364500030700392520033900699590002701038910001401065942001301079952021401092999001701306DO-SdBNP20240830104453.0ta240830s1995 dr 000 0 spa d aDO-SdBNPbspacBNPHUerda bE74m2221 aEscoto Santana, Julio Miguel,d1930-975561eautor10aMi testimonio /cJulio Miguel Escoto Santana. a2a. edición aSanto Domingo :bEditora Taina,c1995. a18 páginasc20 cm. 2rdacontentatextobtxt 2rdamediaasin mediaciónbn 2rdacarrieravolumenbnc aPor un error involuntario fue impreso en la edición anterior el primer borrador no corregido, en vez del que contenía las enmiendas hechas al mismo por el autor. Esta segunda edición es la correcta, por lo que el autor presenta a los lectores de la primera edición sus más sinceras excusas.  aPalabras pronunciadas por el Dr. Julio Escoto Santana en la puesta en circulación del libro de la autoría del Dr. Ramón Andrés Blanco Fernández titulado: "IJ4 DE LA APARIENCIA A LA ESENCIA" "Breve historia de algunos errores políticos", efectuada en la Casa del Escritor, en Santo Domingo, D.N. el 24 de noviembre de 1984. aInventariado, 2024/ YL aYLockward 2ddccLF2 00102ddc51708PD-FaBNPHUbBNPHUcCTd2023-03-01eDonado por Emilio Cordero Michell0oBNPHU F-PD E74mp2024-5176r2024-08-30w2024-08-30yLF2zPerteneció a la biblioteca personal de Emilio Cordero Michel c57590d57590